banner-ar

العمارة الفاطمية فى افريقية والمغرب ومصر واليمن / (Record no. 66787)

MARC details
000 -الفاتح
حقل البيانات ثابتة الطول 01119nam a2200265 4500
005 - وقت وتاريخ اخر تعامل مع التسجيلة
رقم الضبط 20240530110939.0
008 - عناصر البيانات ثابتة الطول - معلومات عامة
حقل البيانات ثابتة الطول 221025s2021 ua af f b 000 0 ara d
017 ## - رقم الايداع القانونى
رقم الايداع القانونى 2020/9319
المصدر ( الهيئة المختصة) مصر. دار الكتب
020 ## - الرقم الدولى المعيارى للكتب
الرقم الدولى المعيارى للكتاب 9789776784468
040 ## - مصدر الفهرسة
وكالة الفهرسة الأصلية EG-CaGPL
وكالة النسخ EG-CaGPL
082 08 - رقم تصنيف ديوى العشرى
رقم الطبعة 21
رقم التصنيف 723.3/
رقم المادة ق/ع ع
100 0# - المدخل الرئيسى - إسم شخصى
الإسم الشخصى عبدالله كامل موسى عبده
245 12 - بيان العنوان
العنوان العمارة الفاطمية فى افريقية والمغرب ومصر واليمن /
بيان المسئوليه,etc عبدالله كامل موسى عبده
250 ## - بيان الطبعة
بيان الطبعة ط.1
260 ## - PUBLICATION, DISTRIBUTION, ETC. (IMPRINT)
تاريخ النشر أو التوزيع 2021.
300 ## - الوصف المادى
التعداد 424 ص. :
تفاصيل ماديه اخرى للوعاء ايض ؛
أبعاد الوعاء 24 سم.
504 ## - تبصرة ببليوجرافية
تبصرة ببليوجرافية,الخ يشتمل على ارجاعات ببليوجرافية
650 07 - المدخل الاضافى بالموضوع-مصطلح موضوعى
مصدر الرأس أو المصطلح qrmak
مصطلح موضوعي العمارة الفاطمية
التقسيم الفرعي الجغرافي افريقيا
650 07 - المدخل الاضافى بالموضوع-مصطلح موضوعى
مصدر الرأس أو المصطلح qrmak
مصطلح موضوعي العمارة الفاطمية
التقسيم الفرعي الجغرافي المغرب
650 07 - المدخل الاضافى بالموضوع-مصطلح موضوعى
مصدر الرأس أو المصطلح qrmak
مصطلح موضوعي العمارة الفاطمية
التقسيم الفرعي الجغرافي مصر
650 07 - المدخل الاضافى بالموضوع-مصطلح موضوعى
مصدر الرأس أو المصطلح qrmak
مصطلح موضوعي العمارة الفاطمية
التقسيم الفرعي الجغرافي اليمن
651 ## - المدخل الاضافى بالموضوع - اسم جغرافى
مصدر الرأس أو المصطلح qrmak
942 ## - عناصر المدخل الإضافي( كوها)
مصدر التصنيف او مخطط الترفيف Dewey Decimal Classification
Koha [default] item type كتاب
260 ## - PUBLICATION, DISTRIBUTION, ETC. (IMPRINT)
-- الاسكندرية :
-- دار الوفاء لدنيا الطباعة و النشر،
Holdings
حالة التراجع حالة الفقد حالة تلف ليس للاعارة المكان المؤقت الموقع الحالى موقع الترفيف تاريخ الاكتساب اجمالي اﻻعارات رقم الطلب الباركود تاريخ اخر مشاهدة تاريخ تفعيل السعر نوع وعاء كوها
        مكتبة القاهرة الكبرى مكتبة القاهرة الكبرى   10/25/2022   723.3/ ق/ع ع 168677 10/25/2022 10/25/2022 كتاب

Powered By

EGPV